| 000 | 01124nam a2200325 c 4500 | ||
|---|---|---|---|
| 001 | 60760 | ||
| 003 | CO-BoRNBP | ||
| 005 | 20260317215619.0 | ||
| 007 | ta | ||
| 008 | 180118s2017 ck a gr 000 0 spa d | ||
| 020 |
_a9789583051630 _q(dura) |
||
| 040 |
_aCO-BoRNBP _bspa _erda _cCO-BoRNBP |
||
| 041 | _aspa | ||
| 043 | _as-ck--- | ||
| 084 | _aP | ||
| 245 | 1 | 3 |
_aEl libro de Antón Pirulero / _cselección y textos de Sergio Andricaín y Antonio Orlando Rodríguez ; ilustraciones por Ivar Da Coll. |
| 250 | _aSegunda edición | ||
| 264 | 1 |
_aBogotá, Colombia : _bPanamericana Editorial, _c2017 |
|
| 300 |
_a66 páginas : _bilustraciones a color |
||
| 336 |
_atexto _btxt _2rdacontent |
||
| 337 |
_asin mediación _bn _2rdamedia |
||
| 338 |
_avolumen _bnc _2rdacarrier |
||
| 490 | 0 | _aQue pase el tren | |
| 650 | 1 | 7 |
_aPoesía infantil colombiana _2rnbp _9943 |
| 650 | 1 | 7 |
_aLiteratura infantil colombiana _2rnbp _934 |
| 700 | 1 | 0 |
_aAndricaín Hernández, Sergio, _d1956- , _ecomp _963769 |
| 700 | 1 | 7 |
_aDa Coll, Ivar, _d1962- , _eill _92446 |
| 700 | 1 | 4 |
_aRodríguez, Antonio Orlando, _d1956- , _ecomp _92660 |
| 942 |
_2loc _cBKLIT |
||
| 999 |
_c60760 _d60760 |
||